Nenne den GAK Kader - Statistiken

Allgemein
  • Dieses Quiz wurde 2 mal gespielt
  • Das Durchschnittsergebnis liegt bei 23 aus 27
Antwortstatistiken
Hint Antwort % Korrekt
Alexander Hofleitner
100%
Beres Owusu
100%
Christian Lichtenberger
100%
Christoph Nicht
100%
Sturm Daniel Maderner
100%
Dominik Frieser
100%
Abwehr Donovan Pines
100%
Coach Ferdinand Feldhofer
100%
Tormann Franz Stolz
100%
Jacob Italiano
100%
Jakob Meierhofer
100%
Ludwig Vraa
100%
Lukas Graf
100%
Mark Grosse
100%
Martin Kreuzriegler
100%
Murat Satin
100%
Ramiz Harakate
100%
Thomas Schiestl
100%
Thorsten Schriebl
100%
Tobias Koch
100%
Arbnor Prenqi
50%
Fabian Ehmann
50%
Leon Klassen
50%
Mittelfeld Mathias Olesen
50%
Yannik Oberleitner
50%
Tim Paumgartner
0%
Zeteny Jano
0%
Keine übereinstimmenden Quizze gefunden
Verteilung der Resultate
Anzahl Personen mit jedem Resultat
Perzentil nach korrekt beantworteten Fragen
Ihre Resultats-Entwicklung
Sie haben dieses Quiz noch nicht gespielt